000 00558cam a2200229 4500
008 090401t1997 xxu||||| |||| 00| 0 eng d
020 _a0582315913
035 _a(Sirsi) u78764
041 _aeng
050 _a690.026
245 _aBuilding law reports. - Volume 81
260 _aHarlow
_bLongman
_c1997
300 _avii,142p. ; 23cm.
350 _a0
650 _aBUILDING LAW REPORTS
650 _aCONSTRUCTION INDUSTRY
650 _aLAW REPORTS
690 _aLAW
700 _aLloyd, Humphrey
_xEditor
942 _n0
948 _c05/06/1997
999 _c96479
_d96479